Fast Food's Interior Quiz - Statistics

General Stats
  • This quiz has been taken 73 times
  • The average score is 6 of 9
Answer Stats
Picture Answer % Correct
Mcdonald's
86%
Burger King
81%
Subway
79%
Five Guys
75%
Starbucks
74%
Dunkin' Donut
61%
Panera
51%
Chick-Fil-A
40%
Taco Bell
37%
No matching quizzes found
Score Distribution
Percent of People with Each Score
Percentile by Number Answered
Your Score History
You have not taken this quiz